LEADER 02124nam0 22004933i 450 001 VAN00249861 005 20240806101421.431 017 70$2N$a9783030346751 100 $a20220908d2020 |0itac50 ba 101 $aeng 102 $aCH 105 $a|||| ||||| 200 1 $aStatistical Modeling for Biological Systems$eIn Memory of Andrei Yakovlev$fAnthony Almudevar, David Oakes, Jack Hall ediors 210 $aCham$cSpringer$d2020 215 $axii, 354 p.$cill.$d24 cm 500 1$3VAN00249862$aStatistical Modeling for Biological Systems$91965959 606 $a01A70$xBiographies, obituaries, personalia, bibliographies [MSC 2020]$3VANC019752$2MF 606 $a62-XX$xStatistics [MSC 2020]$3VANC022998$2MF 606 $a62P10$xApplications of statistics to biology and medical sciences; meta analysis [MSC 2020]$3VANC024649$2MF 606 $a92B15$xGeneral Biostatistics [MSC 2020]$3VANC026442$2MF 610 $aAndrei Yakovlev$9KW:K 610 $aBiological Systems$9KW:K 610 $aBiostatistics$9KW:K 610 $aBranching processes$9KW:K 610 $aCancer$9KW:K 610 $aCell Kinetics$9KW:K 610 $aComputational Biology$9KW:K 610 $aMachine learning$9KW:K 610 $aMultiple comparisons$9KW:K 610 $aStatistical modeling$9KW:K 610 $aSurvivial Analysis$9KW:K 620 $aCH$dCham$3VANL001889 702 1$aAlmudevar$bAnthony$3VANV204272 702 1$aHall$bJack$3VANV204274 702 1$aOakes$bDavid$3VANV204273 712 $aSpringer $3VANV108073$4650 801 $aIT$bSOL$c20241115$gRICA 856 4 $uhttp://doi.org/10.1007/978-3-030-34675-1$zE-book ? Accesso al full-text attraverso riconoscimento IP di Ateneo, proxy e/o Shibboleth 899 $aBIBLIOTECA DEL DIPARTIMENTO DI MATEMATICA E FISICA$1IT-CE0120$2VAN08 912 $fN 912 $aVAN00249861 950 $aBIBLIOTECA DEL DIPARTIMENTO DI MATEMATICA E FISICA$d08DLOAD e-book 4865 $e08eMF4865 20220908 996 $aStatistical Modeling for Biological Systems$91965959 997 $aUNICAMPANIA LEADER 02057nam0 2200445 i 450 001 VAN00124529 005 20240806100816.591 017 70$2N$a9783319732329 100 $a20191018d2018 |0itac50 ba 101 $aeng 102 $aCH 105 $a|||| ||||| 200 1 $aAdvances in Computer Algebra$eIn Honour of Sergei Abramov's' 70th Birthday, WWCA 2016, Waterloo, Ontario, Canada$fCarsten Schneider, Eugene Zima editors 210 $aCham$cSpringer$d2018 215 $axi, 280 p.$cill.$d24 cm 410 1$1001VAN00102574$12001 $aSpringer proceedings in mathematics & statistics$1210 $aBerlin [etc.]$cSpringer$d2012-$v226 500 1$3VAN00236095$aAdvances in Computer Algebra$91563204 606 $a33-XX$xSpecial functions [MSC 2020]$3VANC022590$2MF 606 $a33Fxx$xComputational aspects of special functions [MSC 2020]$3VANC035269$2MF 606 $a68W30$xSymbolic computation and algebraic computation [MSC 2020]$3VANC019771$2MF 610 $aCombinatorics$9KW:K 610 $aComplexity$9KW:K 610 $aComputer algebra$9KW:K 610 $aMathematical software$9KW:K 610 $aSpecial functions$9KW:K 610 $aSymbolic Integration$9KW:K 610 $aSymbolic summation$9KW:K 620 $aCH$dCham$3VANL001889 702 1$aSchneider$bCarsten$3VANV095958 702 1$aZima$bEugene$3VANV095959 712 12$aWaterloo Workshop on Computer Algebra$f2016$eWaterloo, Ontario, Canada$3VANV095960 712 $aSpringer $3VANV108073$4650 801 $aIT$bSOL$c20250926$gRICA 856 4 $uhttp://doi.org/10.1007/978-3-319-73232-9$zE-book ? Accesso al full-text attraverso riconoscimento IP di Ateneo, proxy e/o Shibboleth 899 $aBIBLIOTECA DEL DIPARTIMENTO DI MATEMATICA E FISICA$1IT-CE0120$2VAN08 912 $fN 912 $aVAN00124529 950 $aBIBLIOTECA DEL DIPARTIMENTO DI MATEMATICA E FISICA$d08DLOAD e-book 1000 $e08eMF1000 20191018 996 $aAdvances in Computer Algebra$91563204 997 $aUNICAMPANIA